Statistics for Popular Bugs

Click here to take the quiz!

General Stats

  • This quiz has been taken 151 times
  • The average score is 11 of 15

Answer Stats

HintBug% Correct
The creepy, creepy, _____ climbed up the watersprout....Spider
98%
Pollinates FlowersHoneybee
96%
Hard-Working BugAnt
91%
I believe I can ____ Fly
88%
Hops On GrassGrasshopper
87%
Relative of AboveWasp
84%
Monarch _________Butterfly
82%
Some types are rhino, violin, stag, dung, etc.Beetle
78%
Can Live In HairHead Lice
76%
Venom-Filled Tail With StingerScorpion
74%
Dogs Sometimes Have ThisFleas
73%
Relative of AboveMoth
70%
PraysPraying Mantis
70%
Most Dangerous AnimalMosquito
52%
Invasive Bee SpeciesKiller Bee
24%

Score Distribution

Percentile by Number Answered

Percent of People with Each Score

Your Score History

You have not taken this quiz